00467nam a2200145Ia 4500082002000000100002200020245004500042260004400087300001000131504003300141650003400174650002300208650006000231650003000291 a338.95413 PRA-I aPradhan, Gopinat; 0aIndustrial estates and state development aNew DelhibCriterion Publicationsc1985 a291p. aIncludes index, bibliography aIndustrial districts - Orissa aIndustrial estates aIndustrial productivity - Regional disparities - Orissa aIndustrial sites - Orissa